000 00467nam a2200157 i 4500
001 96304
003 ES-MaACL
005 20230906181903.0
007 t|
008 050615s1961 sp ||||1| spa d
100 1 _aMahillo Santos, Juan.
_975534
245 1 0 _aMutualismo en la administración local /
_cJuan Mahillo Santos.
260 _aBéjar (Salamanca) :
_b[s.n.],
_c1961 (
_fSánchez Guijo)
300 _a230 p. ;
_c20 cm.
852 _aES-MaACL
_jC-20764
_bR.49432
999 _c96304
_d96304